000
00240nam a2200097Ia 4500
008
230907s9999||||xx |||||||||||||| ||und||
082
_a
320.6
_b
TOO
245
4
_a
The tools of policy formulation :
300
_a
xvii, 301 pages ;
942
_c
BK
999
_c
598549
_d
598549